BIM in small practices (Record no. 115175)

MARC details
000 -LEADER
fixed length control field 00557cam a22002295a 4500
001 - CONTROL NUMBER
control field L158155
008 - FIXED-LENGTH DATA ELEMENTS--GENERAL INFORMATION
fixed length control field 140925s2014 xxk f 000 0 eng d
020 ## - INTERNATIONAL STANDARD BOOK NUMBER
International Standard Book Number 9781859464991
035 ## - SYSTEM CONTROL NUMBER
System control number (Sirsi) u158155
041 0# - LANGUAGE CODE
Language code of text/sound track or separate title eng
050 04 - LIBRARY OF CONGRESS CALL NUMBER
Classification number 692.8
100 1# - MAIN ENTRY--PERSONAL NAME
Personal name Klaschka, Robert
245 00 - TITLE STATEMENT
Title BIM in small practices
260 ## - PUBLICATION, DISTRIBUTION, ETC.
Place of publication, distribution, etc. 2014
350 ## - PRICE (NR) (BK AM CF MU VM SE) [OBSOLETE]
Price 30.00
520 ## - SUMMARY, ETC.
Summary, etc. Illustrated case studies showing BIM in action in a range of projects.
521 ## - TARGET AUDIENCE NOTE
Target audience note Advanced
650 24 - SUBJECT ADDED ENTRY--TOPICAL TERM
Topical term or geographic name entry element BIM
9 (RLIN) 6219
651 #4 - SUBJECT ADDED ENTRY--GEOGRAPHIC NAME
Geographic name ENGLAND AND WALES
942 ## - ADDED ENTRY ELEMENTS (KOHA)
Suppress in OPAC 0
Holdings
Withdrawn status Lost status Source of classification or shelving scheme Damaged status Not for loan Home library Current library Shelving location Date acquired Total Checkouts Full call number Barcode Date last seen Copy number Price effective from Koha item type
    Dewey Decimal Classification     London London Books 25/09/2014   692.8 KLA 30078751 06/08/2019 1 06/08/2019 Book